01787nam a2200373 a 4500001001200000003000800012006001900020007001500039008004100054010001700095020004300112020002700155040002100182035002100203043001200224050002600236082002100262100003300283245013700316260005400453300001400507440005600521504005100577505026700628533015200895650005901047650006401106650002501170650002901195655002901224710001701253856012601270999001701396ebr10745088CaPaEBRm o u cr cn|||||||||130208s2013 alu sb 001 0 eng d z 2012050438 z9780817317980 (hardcover : alk. paper) z9780817386764 (e-book) aCaPaEBRcCaPaEBR a(OCoLC)853507801 an-us---14aPS374.M87bR86 2013eb04a813/.50935782231 aRuotolo, Cristina L.,d1963-10aSounding realh[electronic resource] :bmusicality and American fiction at the turn of the twentieth century /cCristina L. Ruotolo. aTuscaloosa :bUniversity of Alabama Press,c2013. ax, 170 p. 0aStudies in American literary realism and naturalism aIncludes bibliographical references and index.0 aIntroduction -- Not just looking: Sister Carrie's musical economy -- Listening to women playing Chopin -- Opera's "impossible country": figuring the American diva -- James Weldon Johnson's ex-colored musician -- Fictions of the American music critic -- Epilogue. aElectronic reproduction.bPalo Alto, Calif. :cebrary,d2013.nAvailable via World Wide Web.nAccess may be limited to ebrary affiliated libraries. 0aAmerican fictiony20th centuryxHistory and criticism. 0aMusic and literaturezUnited StatesxHistoryy20th century. 0aMusic in literature. 0aMusicians in literature. 7aElectronic books.2local2 aebrary, Inc.40uhttp://site.ebrary.com/lib/rucke/Doc?id=10745088zAn electronic book accessible through the World Wide Web; click to view c14074d14074